Modernizaçao, democracia e caráter nacional da educaçao em Minas Gerais, pela análise da Revista do Ensino. 1925 a 1929 (Record no. 601392)

000 -CABECERA
Campo de control de longitud fija 00561nab a2200145Ia 4500
003 - IDENTIFICADOR DEL NÚMERO DE CONTROL
Campo de control ES-SlBCS
005 - FECHA Y HORA DE LA ÚLTIMA TRANSACCIÓN
Campo de control 20210601133736.0
008 - CÓDIGOS DE INFORMACIÓN DE LONGITUD FIJA
Campo de control de longitud fija 140529s2002 xxu||||| |||| 00| 0 por d
041 ## - CÓDIGO DE LENGUA
Código de lengua del texto/banda sonora o título independiente por
100 1# - PUNTO DE ACCESO PRINCIPAL-NOMBRE DE PERSONA
Nombre de persona Borges, Vera Lúcia Abrao
9 (RLIN) 209052
245 00 - MENCIÓN DE TÍTULO
Título Modernizaçao, democracia e caráter nacional da educaçao em Minas Gerais, pela análise da Revista do Ensino. 1925 a 1929
Mención de responsabilidad, etc. Vera Lúcia Abrao Borges
650 04 - PUNTO DE ACCESO ADICIONAL DE MATERIA-TÉRMINO DE MATERIA
Término de materia o nombre geográfico como elemento inicial Historia de Educación Brasileña
9 (RLIN) 209053
773 0# - ENLACE AL DOCUMENTO FUENTE
Título Educaçao e Filosofia
Parte(s) relacionada(s) vol. 16, nº. 31, 2002, págs. 111-134
Número de control del registro relacionado Rev1534
942 ## - ENTRADA DE ELEMENTOS AGREGADOS (KOHA)
Koha [por defecto] tipo de item Artículos de revista
Holdings
Suprimido Perdido Estropeado No para préstamo Localización permanente Localización actual Localización en estantería Fecha adquisición Préstamos totales Fecha última consulta Fecha del precio de reemplazo Tipo de item de Koha
        San Esteban San Esteban Depósito de revistas 11/07/2014   11/07/2014 11/07/2014 Artículos de revista

Bibliotecas Dominicos Provincia Hispania, 2016

Con tecnología Koha